000 00285nam a22001217a 4500
008 170523b xxu||||| |||| 00| 0 eng d
041 _aeng
080 _a94(4)
100 _a16
101 _aSHH
245 _aROMANTICISM AND REVOLT EUROPE 1815-1848
_cBARRACLOUGH, G
942 _2udc
_cBK
999 _c13853
_d13853